Diseño para evaluar tecnologías (Registro nro. 31215)
[ vista simple ]
| 000 -LEADER | |
|---|---|
| fixed length control field | 00312 a2200109 4500 |
| 001 - CONTROL NUMBER | |
| control field | ART_39595 |
| 005 - DATE AND TIME OF LATEST TRANSACTION | |
| control field | 20260410162000.0 |
| 008 - FIXED-LENGTH DATA ELEMENTS--GENERAL INFORMATION | |
| fixed length control field | 260409a |
| 100 1# - MAIN ENTRY--PERSONAL NAME | |
| Personal name | Cernuda, Juan Carlos |
| 245 10 - TITLE STATEMENT | |
| Title | Diseño para evaluar tecnologías |
| 773 0# - HOST ITEM ENTRY | |
| Title | Propuestas |
| Related parts | - Año 4, Nº 7 (oct. 1998) |
| Record control number | REV28258 |
No hay ítems disponibles.